000
00302nam a22001337a 4500
020
_a
817826157-X
082
_a
823
_b
TWA/P
100
_a
MARK TWAIN
245
_a
PRINCE AND THE PAUPER
260
_a
DELHI
_b
ROHAN BOOK COMPANY
_c
2003
300
_a
222
650
_a
MODERN ILLUSTRATED CLASSICS
942
_c
BK
999
_c
386
_d
386